[Event "NATO-ch 20th"]
[Site "Hammelburg"]
[Date "2009.06.16"]
[Round "3"]
[White "Indbryn, Tommy"]
[Black "Wantiez, Fabrice"]
[Result "1/2-1/2"]
[WhiteElo "2158"]
[BlackElo "2339"]
[PlyCount "80"]
[EventDate "2009.06.15"]
[EventType "swiss"]
[EventRounds "7"]
[EventCountry "GER"]
[SourceTitle "CBM 130 Extra"]
[Source "ChessBase"]
[SourceDate "2009.07.02"]
[SourceVersion "2"]
[SourceVersionDate "2009.07.15"]
[SourceQuality "1"]

1. c4 Nf6 2. Nc3 d5 3. cxd5 Nxd5 4. e4 Nxc3 5. bxc3 g6 6. d4 Bg7 7. Bc4 c5 8. Ne2 Nc6 9. Be3 0-0 10. 0-0 Qc7 11. Rc1 Rd8 12. a4 Bd7 13. Qc2 Na5 14. Bb5 c4 15. Bxd7 Qxd7 16. d5 Nb3 17. Rb1 Qxa4 18. Nc1 Rac8 19. Nxb3 cxb3 20. Rxb3 b5 21. Qb1 a6 22. Rc1 Rc4 23. Rb4 Qa3 24. Rxc4 bxc4 25. Qb4 Qxb4 26. cxb4 c3 27. Kf1 e6 28. dxe6 fxe6 29. Ke2 Bd4 30. Bxd4 Rxd4 31. Rxc3 Rxe4+ 32. Re3 Rxb4 33. Rxe6 a5 34. Ra6 a4 35. g3 Rb2+ 36. Kf3 Ra2 37. h4 a3 38. Kg4 Rxf2 39. Rxa3 Kg7 40. h5 gxh5+ 1/2-1/2

[Event "NOR-chT"]
[Site "Karasjok"]
[Date "2008.01.11"]
[Round "1.1"]
[White "Indbryn, Tommy"]
[Black "Nilsen, Nils Henrik"]
[Result "1-0"]
[WhiteElo "2118"]
[BlackElo "1355"]
[PlyCount "69"]
[EventDate "2008.01.11"]
[EventType "team-tourn"]
[EventRounds "5"]
[EventCountry "NOR"]
[SourceTitle "EXT 2010"]
[Source "ChessBase"]
[SourceDate "2010.11.25"]
[SourceVersion "1"]
[SourceVersionDate "2010.11.25"]
[SourceQuality "1"]

1. e4 e6 2. c4 c5 3. Nf3 Nc6 4. Nc3 a6 5. d4 cxd4 6. Nxd4 Bc5 7. Nb3 Bb4 8. Be2 Nf6 9. Qc2 Bxc3+ 10. Qxc3 Nxe4 11. Qxg7 Qf6 12. Qxf6 Nxf6 13. Bg5 Ne4 14. Bf4 Rg8 15. Rd1 e5 16. Bc1 Ke7 17. c5 d6 18. cxd6+ Nxd6 19. g3 Be6 20. Be3 Rad8 21. Bb6 Rc8 22. Bc5 Rcd8 23. Nd2 Nd4 24. Ne4 Bd5 25. Nxd6 Bxh1 26. Nxb7+ Kf6 27. Nxd8 Rxd8 28. Bxd4 exd4 29. f3 Re8 30. Kf2 Bg2 31. Rd2 Bh3 32. g4 h5 33. Rxd4 hxg4 34. fxg4 Bg2 35. Bxa6 1-0

[Event "NATO-ch 17th"]
[Site "Berkshire"]
[Date "2006.08.22"]
[Round "3"]
[White "Drabke, Lorenz Maximilian"]
[Black "Indbryn, Tommy"]
[Result "1-0"]
[WhiteElo "2386"]
[BlackElo "2138"]
[PlyCount "59"]
[EventDate "2006.08.21"]
[EventType "swiss"]
[EventRounds "7"]
[EventCountry "ENG"]
[SourceTitle "EXT 2007"]
[Source "ChessBase"]
[SourceDate "2006.11.23"]
[SourceVersion "1"]
[SourceVersionDate "2006.11.23"]
[SourceQuality "1"]

1. e4 c5 2. Nc3 d6 3. f4 Nc6 4. Nf3 g6 5. Bc4 Bg7 6. 0-0 e6 7. d3 Nge7 8. Qe1 0-0 9. Qh4 d5 10. Bb3 f5 11. exd5 Nxd5 12. Nxd5 exd5 13. Qf2 b6 14. c3 Ba6 15. Rd1 Na5 16. Bc2 d4 17. cxd4 Bxd4 18. Nxd4 cxd4 19. b4 Nc6 20. Bb3+ Kg7 21. Bb2 Rf6 22. a4 b5 23. Rac1 Rd6 24. Rxc6 Rxc6 25. Bxd4+ Kh6 26. Bd5 Rd6 27. Qe3 g5 28. Qh3+ Kg6 29. g4 fxg4 30. f5+ 1-0

[Event "Finnmark-ch"]
[Site "Karasjok"]
[Date "2005.03.19"]
[Round "1"]
[White "Indbryn, Tommy"]
[Black "Hardersen, Steinar"]
[Result "1-0"]
[WhiteElo "2105"]
[BlackElo "1473"]
[PlyCount "79"]
[EventDate "2005.03.19"]
[EventType "swiss"]
[EventRounds "5"]
[EventCountry "NOR"]
[SourceTitle "EXT 2007"]
[Source "ChessBase"]
[SourceDate "2006.11.23"]
[SourceVersion "1"]
[SourceVersionDate "2006.11.23"]
[SourceQuality "1"]

1. c4 Nf6 2. Nc3 g6 3. d4 Bg7 4. e4 d6 5. f3 0-0 6. Bg5 Nbd7 7. Qd2 a6 8. Nge2 c6 9. Rd1 Qc7 10. Nc1 Kh8 11. Be2 Ng8 12. 0-0 h6 13. Be3 Ndf6 14. b4 b5 15. Nb3 Bb7 16. c5 Rad8 17. cxd6 exd6 18. Qc1 Nd7 19. Rd2 d5 20. Nxd5 Qd6 21. Bf4 Qe6 22. Ne3 Rc8 23. Nc5 Nxc5 24. dxc5 Nf6 25. Rd6 Qxa2 26. Rf2 Nh5 27. Ng4 Nxf4 28. Qxf4 Qb1+ 29. Rd1 Qxb4 30. Rd7 g5 31. Qd6 Qe1+ 32. Bf1 Rb8 33. Nxh6 Bc8 34. Rxf7 Bh3 35. Qg6 Qc3 36. gxh3 Qd4 37. Nf5 Qxf2+ 38. Kxf2 Bd4+ 39. Nxd4 Rxf7 40. Qxf7 1-0

[Event "NATO-ch 15th"]
[Site "The Hague"]
[Date "2004.08.09"]
[Round "2"]
[White "Cooper, Lawrence"]
[Black "Indbryn, Tommy"]
[Result "1-0"]
[WhiteElo "2315"]
[BlackElo "2129"]
[PlyCount "117"]
[EventDate "2004.08.08"]
[EventType "swiss"]
[EventRounds "7"]
[EventCountry "NED"]
[SourceTitle "CBM 101 Extra"]
[Source "ChessBase"]
[SourceDate "2004.09.01"]
[SourceVersion "2"]
[SourceVersionDate "2004.09.01"]
[SourceQuality "1"]

1. e4 c5 2. Nf3 d6 3. Bc4 Nf6 4. d3 Nc6 5. h3 e6 6. 0-0 Be7 7. c3 d5 8. exd5 exd5 9. Bb5 0-0 10. Bxc6 bxc6 11. c4 Bf5 12. Re1 dxc4 13. dxc4 Qxd1 14. Rxd1 Rfd8 15. Re1 Ne4 16. Bf4 Bf6 17. Be5 Bxe5 18. Nxe5 Nd2 19. Nc3 Rac8 20. b3 h5 21. Re3 Re8 22. Rd1 Ne4 23. Nxe4 Rxe5 24. Nd6 Rxe3 25. Nxc8 Re8 26. Nxa7 Ra8 27. Nxc6 Be4 28. Ne5 Bc2 29. Rd5 Rxa2 30. Rxc5 f6 31. Nc6 Bxb3 32. Nd4 Bd1 33. Rc7 Ra1 34. Kh2 Ra6 35. c5 Ba4 36. h4 Kf8 37. c6 Ke8 38. Rxg7 Bxc6 39. Rh7 Bd7 40. Rxh5 Ra4 41. Rd5 Ke7 42. Kg3 Bc8 43. Rc5 Bd7 44. Nf5+ Kf8 45. Ne3 Kf7 46. f3 Kg6 47. Nd5 Rd4 48. Nf4+ Kh6 49. Rd5 Rxd5 50. Nxd5 Kg6 51. Kf4 Bb5 52. g4 Bc4 53. Ne7+ Kf7 54. Nf5 Bd5 55. Nd6+ Kg6 56. Ne4 Ba8 57. h5+ Kg7 58. Kf5 Bb7 59. h6+ 1-0

[Event "Karasjok op"]
[Site "Karasjok"]
[Date "2004.04.23"]
[Round "1"]
[White "Nergaard, Amund"]
[Black "Indbryn, Tommy"]
[Result "0-1"]
[WhiteElo "1175"]
[BlackElo "2102"]
[PlyCount "74"]
[EventDate "2004.04.23"]
[EventType "swiss"]
[EventRounds "5"]
[EventCountry "NOR"]
[SourceTitle "CBM 103 Extra"]
[Source "ChessBase"]
[SourceDate "2005.01.01"]
[SourceVersion "1"]
[SourceVersionDate "2005.01.01"]
[SourceQuality "1"]

1. e4 e6 2. d4 d5 3. Nf3 dxe4 4. Ng5 Nf6 5. Nc3 Bb4 6. Bb5+ c6 7. Bc4 Qa5 8. Bd2 Bxc3 9. bxc3 e3 10. 0-0 exd2 11. Qxd2 h6 12. Nxe6 Bxe6 13. Bxe6 fxe6 14. Rfe1 Kf7 15. Re5 Qc7 16. Rae1 Re8 17. Qe2 Qd6 18. h4 Nbd7 19. Re3 c5 20. g4 g5 21. h5 Qa6 22. c4 cxd4 23. Rf3 e5 24. c3 Qe6 25. Qe4 Nf8 26. Rf5 Qc6 27. Rxf6+ Qxf6 28. Qxb7+ Kg8 29. Qd5+ Qf7 30. Rxe5 Qxd5 31. Rxd5 dxc3 32. Rd1 Rac8 33. Rc1 Rxc4 34. Rc2 Ne6 35. Kg2 Nd4 36. Rc1 c2 37. Rxc2 Rxc2 0-1

[Event "NOR-chT qualifier"]
[Site "Norway"]
[Date "2002.??.??"]
[Round "3"]
[White "Hanssen, Gunnar Berg"]
[Black "Indbryn, Tommy"]
[Result "1-0"]
[WhiteElo "2276"]
[BlackElo "2131"]
[PlyCount "59"]
[EventDate "2001.11.??"]
[EventType "team"]
[EventRounds "9"]
[EventCountry "NOR"]
[SourceTitle "EXT 2003"]
[Source "ChessBase"]
[SourceDate "2002.11.25"]
[SourceVersion "1"]
[SourceVersionDate "2002.11.25"]
[SourceQuality "1"]

1. Nf3 Nf6 2. c4 g6 3. d4 Bg7 4. g3 0-0 5. Bg2 d6 6. 0-0 Nbd7 7. Nc3 a5 8. e4 e5 9. h3 exd4 10. Nxd4 Nc5 11. Re1 Re8 12. Qc2 Nfd7 13. Be3 Ne5 14. b3 a4 15. Rad1 axb3 16. axb3 Na6 17. Na2 Qe7 18. f4 Nd7 19. Nb5 Nf8 20. Nbc3 f5 21. Nd5 Qf7 22. Nac3 Be6 23. Bf2 Rad8 24. Kh2 c6 25. Ne3 Bxc3 26. Qxc3 fxe4 27. Bxe4 Bxh3 28. Kxh3 Rxe4 29. Ng4 Re6 30. Nh6# 1-0

[Event "Vadsosjakken-A"]
[Site "Vadso"]
[Date "2001.09.02"]
[Round "4"]
[White "Indbryn, Tommy"]
[Black "Esbensen, Andreas"]
[Result "1-0"]
[WhiteElo "2087"]
[BlackElo "1930"]
[PlyCount "51"]
[EventDate "2001.08.??"]
[EventType "swiss"]
[EventRounds "5"]
[EventCountry "NOR"]
[SourceTitle "EXT 2005"]
[Source "ChessBase"]
[SourceDate "2004.11.15"]
[SourceVersion "1"]
[SourceVersionDate "2004.11.15"]
[SourceQuality "1"]

1. d4 e6 2. c4 d5 3. Nf3 f5 4. g3 Nf6 5. Bg2 c6 6. 0-0 Bd6 7. b3 0-0 8. Ba3 Bxa3 9. Nxa3 b6 10. Nc2 Bb7 11. cxd5 exd5 12. Nce1 Nbd7 13. Nd3 c5 14. Rc1 Rc8 15. dxc5 bxc5 16. Nh4 g6 17. Nf4 Qb6 18. Nxd5 Bxd5 19. Bxd5+ Kg7 20. Bg2 Rfd8 21. Qc2 Ne5 22. Rfd1 c4 23. Rxd8 Qxd8 24. Qb2 Qa5 25. Qc3 Qxa2 26. Qxe5 1-0

[Event "NOR-chT"]
[Site "Alta"]
[Date "1999.02.13"]
[Round "2"]
[White "Hammari, Jan Arnt"]
[Black "Indbryn, Tommy"]
[Result "0-1"]
[WhiteElo "1487"]
[BlackElo "2080"]
[PlyCount "129"]
[EventDate "1999.??.??"]
[EventType "team"]
[EventRounds "3"]
[EventCountry "NOR"]
[SourceTitle "EXT 2007"]
[Source "ChessBase"]
[SourceDate "2006.11.23"]
[SourceVersion "1"]
[SourceVersionDate "2006.11.23"]
[SourceQuality "1"]

1. c4 c6 2. Nc3 d5 3. cxd5 cxd5 4. d4 Nf6 5. Nf3 Qb6 6. e3 Nc6 7. Bd3 Bg4 8. 0-0 e6 9. h3 Bh5 10. Bd2 Be7 11. Rc1 Bxf3 12. Qxf3 Qxb2 13. Rfd1 Qb6 14. Na4 Qc7 15. Nc5 0-0 16. Rc2 Nd7 17. Nxd7 Qxd7 18. Rb1 Bd8 19. Bb5 Rc8 20. Qd1 a6 21. Be2 Na5 22. Rcb2 b5 23. Bxa5 Bxa5 24. a4 Bc3 25. Ra2 b4 26. Bxa6 Ra8 27. Qe2 Rfb8 28. Bb5 Qc7 29. Rb3 Ra5 30. g3 e5 31. dxe5 Qxe5 32. Rc2 Qe6 33. Rb1 Qxh3 34. Qd3 Rd8 35. Rxc3 bxc3 36. Qxc3 Raa8 37. Qc6 Qe6 38. Qc3 Rac8 39. Qa5 h5 40. Rb4 Ra8 41. Qc7 Qd6 42. Qc3 Rac8 43. Qd4 Rc1+ 44. Kg2 g6 45. Be2 Rc4 46. Rxc4 dxc4 47. Qxc4 Qd5+ 48. Qxd5 Rxd5 49. Bb5 Rd2 50. Kf3 Kg7 51. e4 Kf6 52. Ke3 Ra2 53. f4 g5 54. e5+ Kf5 55. Bd7+ Kg6 56. f5+ Kg7 57. f6+ Kg6 58. Ke4 g4 59. Be8 Re2+ 60. Kd4 h4 61. gxh4 g3 62. h5+ Kh6 63. Bc6 g2 64. Bxg2 Rxg2 65. e6 0-1